<?xml version="1.0" encoding="UTF-8"?>
<collection xmlns="http://www.loc.gov/MARC21/slim">
 <record>
  <leader>00462pamaa2200145   4500</leader>
  <controlfield tag="001">0000040532</controlfield>
  <controlfield tag="005">20060510090000.0</controlfield>
  <datafield tag="020" ind1="0" ind2="0">
   <subfield code="a">[Nil] </subfield>
  </datafield>
  <datafield tag="090" ind1="0" ind2="0">
   <subfield code="a">G74 </subfield>
   <subfield code="b">NAT</subfield>
  </datafield>
  <datafield tag="245" ind1="1" ind2="0">
   <subfield code="a">NATIONAL geographic [</subfield>
   <subfield code="m">DVD] : </subfield>
   <subfield code="b">video collections (25 DVDs)  </subfield>
   <subfield code="c">King's International Multimedia Co. Ltd.</subfield>
  </datafield>
  <datafield tag="260" ind1="0" ind2="0">
   <subfield code="a">[?]: </subfield>
   <subfield code="b">King's International Multimedia.</subfield>
  </datafield>
  <datafield tag="300" ind1=" " ind2=" ">
   <subfield code="a">1 set  (25 DVDs); </subfield>
   <subfield code="c">4.5 inch.</subfield>
  </datafield>
  <datafield tag="500" ind1="0" ind2="0">
   <subfield code="a">1 Set (25 DVDs)</subfield>
  </datafield>
  <datafield tag="650" ind1="0" ind2="0">
   <subfield code="a">National Geography </subfield>
  </datafield>
  <datafield tag="710" ind1="1" ind2="1">
   <subfield code="a">National Geographic Society </subfield>
  </datafield>
 </record>
</collection>
